| 000 | 00472nam a2200193Ia 4500 | ||
|---|---|---|---|
| 008 | 170918s9999 xx 000 0 und d | ||
| 020 | _a9780545157766 | ||
| 050 | _bT943 2006 | ||
| 100 | _aTurnbull, Stephanie | ||
| 245 | _aCaterpillars and butterflies / | ||
| 245 | _cby Stephanie Turnbull. | ||
| 260 | _aNew York : | ||
| 260 | _bScholastic, | ||
| 260 | _c2006 | ||
| 300 | _a32 pages : | ||
| 300 | _bcolored illustration ; | ||
| 300 | _c20cm. | ||
| 500 | _a630 | ||
| 999 |
_c342795 _d342795 |
||